[Event "St Petersburg Korchnoi Memorial op"]
[Site "St Petersburg"]
[Date "2023.08.23"]
[Round "8"]
[White "Nochovniy, Vladimir Nikolaevic"]
[Black "Dodonov, Ivan"]
[Result "0-1"]
[WhiteElo "1928"]
[BlackElo "1605"]
[PlyCount "98"]
[EventDate "2023.08.18"]
[EventType "swiss"]
[EventRounds "9"]
[EventCountry "RUS"]
[SourceTitle "EXT 2024"]
[Source "ChessBase"]
[SourceDate "2023.10.10"]
[SourceVersion "1"]
[SourceVersionDate "2023.10.10"]
[SourceQuality "1"]

1. e4 e5 2. Nf3 Nc6 3. Bb5 Nf6 4. 0-0 Nxe4 5. Bxc6 dxc6 6. Nxe5 Be7 7. d4 0-0 8. Be3 Bf6 9. f4 Re8 10. Qf3 Nd6 11. c3 Be6 12. Nd2 Be7 13. g4 f6 14. Nd3 Nc4 15. Nxc4 Bxc4 16. Bf2 c5 17. Rfd1 cxd4 18. Bxd4 c6 19. b3 Bd5 20. Qf2 Qc8 21. h3 h5 22. f5 hxg4 23. hxg4 Bd6 24. Re1 Kf7 25. c4 Be4 26. Nf4 c5 27. Bb2 Qc6 28. Re3 Rh8 29. Nh5 Rae8 30. Rae1 Re7 31. Qe2 Rhe8 32. Qf2 Rh8 33. Qe2 Rhe8 34. Qf2 Qc7 35. Qh4 Be5 36. Bxe5 Rxe5 37. Nf4 Bc6 38. Qh5+ Kg8 39. Ng6 Rxe3 40. Rxe3 Qd6 41. Qh8+ Kf7 42. Rxe8 Bxe8 43. Qh5 Qd4+ 44. Kf1 Qa1+ 45. Kf2 Qxa2+ 46. Kg3 Qxb3+ 47. Kh4 Qd1 48. Nf4+ Ke7 49. Nd5+ Kd8 0-1

[Event "St Petersburg Korchnoi Memorial op"]
[Site "St Petersburg"]
[Date "2023.08.21"]
[Round "5"]
[White "Nochovniy, Vladimir Nikolaevic"]
[Black "Vasiljev, Artem"]
[Result "1/2-1/2"]
[WhiteElo "1928"]
[BlackElo "1585"]
[PlyCount "90"]
[EventDate "2023.08.18"]
[EventType "swiss"]
[EventRounds "9"]
[EventCountry "RUS"]
[SourceTitle "EXT 2024"]
[Source "ChessBase"]
[SourceDate "2023.10.10"]
[SourceVersion "1"]
[SourceVersionDate "2023.10.10"]
[SourceQuality "1"]

1. e4 c5 2. Nf3 d6 3. d4 cxd4 4. Nxd4 Nf6 5. Nc3 a6 6. Be2 e5 7. Nb3 Be6 8. Bg5 Nbd7 9. 0-0 Be7 10. Qd2 0-0 11. Rad1 Qc7 12. f4 h6 13. Bxf6 Nxf6 14. f5 Bc4 15. Bxc4 Qxc4 16. Qd3 Rac8 17. Rf3 d5 18. Nxd5 Nxd5 19. Qxc4 Rxc4 20. Rxd5 Rxe4 21. Nd2 Rb4 22. b3 Bg5 23. c3 Rb5 24. Rfd3 Rxd5 25. Rxd5 g6 26. Nf3 Be3+ 27. Kf1 e4 28. Ne5 gxf5 29. Nc4 Bg5 30. Rxf5 Rc8 31. Nd6 Rxc3 32. Nxe4 Rc1+ 33. Ke2 Rc2+ 34. Kf3 f6 35. Nf2 Kg7 36. Ne4 Rxa2 37. Nxg5 Kg6 38. Rd5 hxg5 39. Rd6 Kf5 40. Rb6 Rc2 41. g4+ Ke5 42. Rxb7 Rc3+ 43. Kg2 Rc2+ 44. Kg3 Rc3+ 45. Kf2 Rc2+ 1/2-1/2

[Event "Chigorin Memorial 23rd"]
[Site "St Petersburg"]
[Date "2015.10.03"]
[Round "1"]
[White "Rodin, Dmitrij"]
[Black "Nochovniy, Vladimir Nikolaevic"]
[Result "1-0"]
[WhiteElo "2378"]
[BlackElo "2018"]
[PlyCount "69"]
[EventDate "2015.10.03"]
[EventType "swiss"]
[EventRounds "9"]
[EventCountry "RUS"]
[SourceTitle "CBM 168 Extra"]
[Source "ChessBase"]
[SourceDate "2015.10.29"]
[SourceVersion "1"]
[SourceVersionDate "2015.10.29"]
[SourceQuality "1"]

1. e4 c6 2. d4 d5 3. e5 Bf5 4. Nc3 e6 5. g4 Bg6 6. Nge2 f6 7. Nf4 Bf7 8. Nd3 Nd7 9. Bf4 Ne7 10. Bg3 a6 11. Qe2 Qb6 12. 0-0-0 Qxd4 13. Nf4 Qxe5 14. Qd2 Qg5 15. Ne4 Qe5 16. Bg2 Nc8 17. Nh5 Bxh5 18. Bxe5 Nxe5 19. gxh5 Be7 20. Ng3 0-0 21. Qe2 Bc5 22. f4 Nc4 23. Qxe6+ Kh8 24. h6 g6 25. Rhe1 N8b6 26. Bf1 Nd6 27. Bd3 Rae8 28. Qg4 Ne4 29. Bxe4 dxe4 30. f5 Nd5 31. fxg6 hxg6 32. Rxe4 Rxe4 33. Qxe4 Be3+ 34. Kb1 Bxh6 35. Qxg6 1-0